| Tag |
First Indicator |
Second Indicator |
Subfields |
| LEADER |
00000cam a2200000 a 4500 |
| 001 |
in00000869713 |
| 005 |
20151019135642.0 |
| 008 |
890801s1989 ne a b 10110 eng |
| 010 |
|
|
|a 89019902
|
| 020 |
|
|
|a 0792304527 (alk. paper)
|
| 035 |
|
|
|a (OCoLC)20220927
|
| 035 |
|
|
|9 AEK2809AM
|
| 040 |
|
|
|a DLC
|c DLC
|d TXA
|d UtOrBLW
|
| 049 |
|
|
|a TXAM
|c [A12971133]
|
| 050 |
0 |
0 |
|a QD501
|b .N354 1988
|
| 082 |
0 |
0 |
|a 541.3/92
|2 20
|
| 111 |
2 |
|
|a NATO Advanced Research Workshop on Selectivities in Lewis Acid Promoted Reactions
|d (1988 :
|c Glyphada, Attikē, Greece)
|
| 245 |
1 |
0 |
|a Selectivities in Lewis acid promoted reactions /
|c edited by Dieter Schinzer.
|
| 264 |
|
1 |
|a Dordrecht ;
|a Boston :
|b Kluwer Academic Publishers,
|c [1989]
|
| 264 |
|
4 |
|c ©1989
|
| 300 |
|
|
|a xv, 331 pages :
|b illustrations ;
|c 25 cm.
|
| 336 |
|
|
|a text
|b txt
|2 rdacontent
|
| 337 |
|
|
|a unmediated
|b n
|2 rdamedia
|
| 338 |
|
|
|a volume
|b nc
|2 rdacarrier
|
| 490 |
1 |
|
|a NATO ASI series. Series C, Mathematical and physical sciences ;
|v vol. 289
|
| 500 |
|
|
|a "Proceedings of the NATO Advanced Research Workshop on Selectivities in Lewis Acid Promoted Reactions, Glyfada-Athens, Greece, October 2-7, 1988"--Title page verso.
|
| 504 |
|
|
|a Includes bibliographical references.
|
| 650 |
|
0 |
|a Chemical reaction, Conditions and laws of
|v Congresses.
|
| 650 |
|
0 |
|a Organic compounds
|x Synthesis
|v Congresses.
|
| 650 |
|
0 |
|a Lewis acids
|x Congresses.
|
| 700 |
1 |
|
|a Schinzer, Dieter.
|
| 830 |
|
0 |
|a NATO ASI series. Series C, Mathematical and physical sciences ;
|v vol. 289.
|
| 999 |
|
|
|a MARS
|
| 999 |
f |
f |
|s 74263147-3a52-388b-bef7-7b6ca81ca8cc
|i 5de9dc85-1a94-3576-9029-0fa7c0394713
|t 0
|
| 952 |
f |
f |
|p ric
|a Texas A&M University
|b Rellis Campus
|c Joint Library Facility
|d Remote Storage
|t 0
|e QD501 .N354 1988
|h Library of Congress classification
|i unmediated -- volume
|m A14812971133
|
| 998 |
f |
f |
|a QD501 .N354 1988
|t 0
|l Remote Storage
|